LEADER 01344nam a2200289 u 4500 001 000000119262 003 CaOOAMICUS 005 20100118112537.0 008 100118t2009 gw u000 u ger u 020 $a978-3-16-149903-6 040 $aPUL$bita$dReb 041 0 $ager$agrc 100 1 $aWolter, Michael,$d1950-$0(OLS)http://pul/name/25869 245 10$aTheologie und Ethos im frühen Christentum :$bstudien zu Jesus, Paulus und Lukas /$cMichael Wolter. 260 $aTübingen :$bMohr Siebeck,$cİ2009. 300 $ax, 539 p. ;$c24 cm 490 1 $aWissenschaftliche Untersuchungen zum Neuen Testament ;$v236 504 $aBibliografia in nota. 630 04$aBiblia$pN.T.$xStudio$lTedesco.$0(OLS)http://pul/subject/36291 650 4$aCristianesimo$xOrigini.$0(OLS)http://pul/subject/11957 830 0$aWissenschaftliche Untersuchungen zum Neuen Testament ;$v236.$0(OLS)http://pul/title/8628 850 $aPUL 852 $aPUL$W1$xSL Religione 1$y3$m16 H 236$j136859$qStampati$B135881$CPULBib$Z2$F135881 $H112233 $82 941 1 $a8 996 $6020$a978-3-16-149903-6$9(OLS)http://pul/number/142995 996 $6245$aTheologie und Ethos im frühen Christentum :$bstudien zu Jesus, Paulus und Lukas$9(OLS)http://pul/title/150074 996 $6260$aTübingen :$bMohr Siebeck$9(OLS)http://pul/publisher/52004 LEADER 01780nam a2200397 a 4500 001 000000151320 003 CaOOAMICUS 005 20160415101621.0 008 160415s2016 it u000 u ita r 020 $a978-88-6689-929-7* 032 $aLibriCat 040 $aPUL$bita 082 04$a348.45 110 1 $aItalia.$0(OLS)http://pul/name/1188 240 10$aCodice penale (2016).$0(OLS)http://pul/title/190554 245 10$aCodice penale e di procedura penale e leggi complementari /$ca cura di Luigi Alibrandi (per il codice penale) ; Piermaria Corso (per il codice di procedura penale) 250 $a44. ed. 260 $aPiacenza :$bLa Tribuna,$cİ2016. 300 $a2152 p. ;$c19 cm. 490 1 $aI codici vigenti 2016 500 $aComprende indici. 500 $aTesto su due colonne. 500 $aSulla cop.: Aggiornato con le norme sulla depenalizzazione (Decreti n. 7 e n. 8 del 15/01/2016). 630 04$aCodice penale$zItalia.$0(OLS)http://pul/subject/12325 650 4$aDiritto penale$zItalia.$0(OLS)http://pul/subject/10217 700 1 $aAlibrandi, Luigi.$0(OLS)http://pul/name/45474 700 1 $aCorso, Piermaria.$0(OLS)http://pul/name/35334 830 0$aCodici vigenti 2016.$0(OLS)http://pul/title/189041 850 $aPUL 852 $aPUL$W1$xDP2 Diritto e Scienze Sociali 3$y110$m348. 45 COD 3.1.69$j173763$qDDC 21$B176203$CPULBib$Z2$F176203 $H127617 $81 941 1 $a9 996 $6020$a978-88-6689-929-7*$9(OLS)http://pul/number/160278 996 $6082$a348.45$9(OLS)http://pul/classification/373 996 $6245$aCodice penale e di procedura penale e leggi complementari$9(OLS)http://pul/title/178222 996 $6260$aPiacenza :$bLa Tribuna$9(OLS)http://pul/publisher/69734